000
00309 a2200145 4500
001
166869
020
_a
040
_c
Magnum
100
_a
Brieghel-Muller, Gunna
240
1
0
_a
Eutonia e relaxamento
_l
por
245
1
0
_a
Eutonia e relaxamento
362
0
_a
1899
697
_a
EDUCACAO FISICA
942
_c
BK
999
_c
166869
_d
166869